| 000 | 00543nam a2200169 i 4500 | ||
|---|---|---|---|
| 001 | bg | ||
| 100 | 1 |
_aCzarnecki, Kazimierz _d(1939-2006). |
|
| 245 | 0 |
_aTeoria satelitarnego orientowania i skalowania podstawowych poziomych sieci geodezyjnych / _cKazimierz Czarnecki. |
|
| 260 |
_aWarszawa, _c1980. |
||
| 490 | 1 |
_aPrace Naukowe - Politechnika Warszawska. _vz.22 |
|
| 830 | _aPrace Naukowe - Politechnika Warszawska. | ||
| 040 | _cBPK | ||
| 041 | _apol | ||
| 080 | _a528:629.783 | ||
| 942 | _cKS | ||
| 008 | s pl f |000 0 pol | ||
| 999 |
_c19318 _d19318 |
||
| 856 |
_uhttp://koha.tu.koszalin.pl/cgi-bin/koha/opac-detail.pl?biblionumber=19318 _yKatalog online BPK |
||